Statistics for All transcontinental countries

Click here to take the quiz!

General Stats

  • This quiz has been taken 73 times
  • The average score is 10 of 11

Answer Stats

ContinentsCountry% Correct
Asia-EuropeTurkey
100%
Asia-EuropeRussia
99%
Asia-EuropeAzerbaijan
97%
Asia-EuropeGeorgia
97%
Africa-AsiaEgypt
96%
Asia-Europe (see caveat)Armenia
94%
North America-South AmericaPanama
93%
Asia-EuropeKazakhstan
88%
Asia-Europe (see caveat)Cyprus
75%
Europe-North AmericaIceland
74%
North America-South AmericaTrinidad and Tobago
59%

Score Distribution

Percentile by Number Answered

Percent of People with Each Score

Your Score History

You have not taken this quiz